Stanley Gibbons colour guide for stamp collectors (1965?) (Record no. 2549)

000 -LEADER
fixed length control field 00302nam a22000977a 4500
008 - FIXED-LENGTH DATA ELEMENTS--GENERAL INFORMATION
fixed length control field 171113b xxu||||| |||| 00| 0 eng d
100 ## - MAIN ENTRY--AUTHOR'S NAME
Author's Name Stanley Gibbons Lt
245 ## - TITLE STATEMENT
Title Stanley Gibbons colour guide for stamp collectors (1965?)
260 ## - PUBLICATION, DISTRIBUTION, ETC. (IMPRINT)
Place of publication, distribution, etc. London
Name of publisher, distributor, etc. Stanley Gibbons Lt
Date of publication, distribution, etc. 1965?
650 ## - TOPICAL TERM (Tag)
Topical term or geographic name Color Guides | Color
Holdings
Withdrawn status Lost status Source of classification or shelving scheme Damaged status Koha normalized classification for sorting Not for loan Permanent Location Current Location Shelving location Date acquired Full call number Barcode Date last seen Copy number Price effective from Koha item type
        G3200 C750 G441   Northern Philatelic Library Northern Philatelic Library Closed Stacks 11/13/2017 G3200 C750 G441 1002818 11/13/2017 1 11/13/2017  
        V3200 C750 G441   Northern Philatelic Library Northern Philatelic Library Vertical File 04/13/2019 V3200 C750 G441 1005397 04/13/2019   04/13/2019 Reference

Powered by Koha